000 00754nam a22002657a 4500
005 20260619153934.0
008 260618b2013 mx a|||b |||| 001 j spa d
020 _a970-92321-8-5
040 _aBPGM
_bspa
041 _aspa
_hspa
082 0 4 _215 a.
_aI / 152.5 /
_bR62
245 _aEL ÁGUILA QUE QUERÍA SER ÁGUILA
260 _aMEXICO
_bJEANRO INTERNACIONAL
_c2013
300 _a127 páginas
_b12.8 cm x 20.7
336 _2rdacontent
_atexto
_btxt
337 _2rdamedia
_asin mediación
_bn
338 _2rdacarrier
_avolumen
_bnc
505 _aMotivación
505 _aEXITO
505 _aEXITO
650 _2FILOSOFÍA Y PSICOLOGÍA
650 _2FILOSIFIA Y PSICOLOGÍA
700 _aHINOJOSA, ALBERTO
_eILUSTRACION
942 _2ddc
_cBKN
999 _c68644
_d68644